New wars and new soldiers (Record no. 226166)
[ view plain ]
| 000 -LEADER | |
|---|---|
| fixed length control field | 02865nam a2200433 a 4500 |
| 082 04 - DEWEY DECIMAL CLASSIFICATION NUMBER | |
| Classification number | 172/.42 |
| 245 00 - TITLE STATEMENT | |
| Title | New wars and new soldiers |
| 260 ## - PUBLICATION, DISTRIBUTION, ETC. (IMPRINT) | |
| Place of publication | Farnham, England ; |
| -- | Burlington, Vt. : |
| Name of publisher | Ashgate, |
| Year of publication | c2011. |
| 300 ## - PHYSICAL DESCRIPTION | |
| Number of Pages | xii, 281 p. |
| 490 1# - SERIES STATEMENT | |
| Series statement | Military and defence ethics |
| 505 0# - FORMATTED CONTENTS NOTE | |
| Formatted contents note | Introduction / Paolo Tripodi & Jessica Wolfendale -- New wars and just war theory / Jessica Wolfendale -- Just war, irregular war, and terrorism / Stephen Coleman -- The jus post bellum / C.A.J. (Tony) Coady -- High-fliers : who should bear the risk of humanitarian intervention? / Gerhard Overland -- On a duty of humanitarian intervention / David Lefkowitz -- Emerging military technologies : a case study in neurowarfare / Nick Evans -- Robotic weapons and the future of war / Robert Sparrow -- Ethics and mercenaries / Uwe Steinhoff -- Ethics and the human terrain : the ethics of military anthropology / George Lucas -- To whom does a private military commander owe allegiance? / Deane-Peter Baker -- Deconstructing the evil zone : an exploration of why ordinary individuals can commit atrocities / Paolo Tripodi -- Psychological foundations of unethical actions in military operations / Peter Bradley -- Moral formation of the strategic corporal / Rebecca Johnson -- Loyalty and professionalization in the military / Peter Olsthoorn. |
| 650 #0 - SUBJECT ADDED ENTRY--TOPICAL TERM | |
| Topical Term | Military ethics. |
| Topical Term | Just war doctrine. |
| Topical Term | Psychology, Military. |
| Topical Term | Humanitarian intervention |
| Topical Term | Military art and science |
| Topical Term | Terrorism |
| Topical Term | Private military companies |
| Topical Term | Private security services |
| 700 1# - ADDED ENTRY--PERSONAL NAME | |
| Personal name | Tripodi, Paolo, |
| Personal name | Wolfendale, Jessica, |
| 856 40 - ELECTRONIC LOCATION AND ACCESS | |
| Uniform Resource Identifier | http://site.ebrary.com/lib/rucke/Doc?id=10456133 |
No items available.
